Guess Countries in the Shape of a Mystery Country #8 - Statistics

General Stats
  • This quiz has been taken 68 times
  • The average score is 59 of 88
Answers on the Map
Answers color-coded by a green-red scale on the quiz's map according to % correct below.
 
Answer Stats
Country % Correct
United States
96%
Canada
85%
Argentina
81%
Brazil
81%
France
81%
Mexico
81%
Venezuela
81%
Bolivia
79%
Colombia
79%
Guyana
79%
Peru
79%
Suriname
79%
United Kingdom
79%
Chile
77%
Paraguay
77%
Algeria
74%
Democratic Republic of the Congo
74%
Spain
74%
Cuba
72%
Dominican Republic
72%
Mauritania
72%
Morocco
72%
Nigeria
72%
Panama
72%
Republic of the Congo
72%
South Africa
72%
Zambia
72%
Zimbabwe
72%
Angola
70%
Ecuador
70%
Ethiopia
70%
Honduras
70%
Kenya
70%
Namibia
70%
Nicaragua
70%
Somalia
70%
Sudan
70%
Botswana
68%
Burundi
68%
Cameroon
68%
Central African Republic
68%
Chad
68%
Costa Rica
68%
Guatemala
68%
Madagascar
68%
Mali
68%
Mozambique
68%
Portugal
68%
Saint Kitts and Nevis
68%
Saint Lucia
68%
South Sudan
68%
Belize
66%
Dominica
66%
Gabon
66%
Haiti
66%
Lesotho
66%
Rwanda
66%
Tanzania
66%
Antigua and Barbuda
64%
Bahamas
64%
Denmark
64%
Jamaica
64%
Malawi
64%
Saint Vincent and the Grenadines
64%
Trinidad and Tobago
64%
Uganda
64%
Barbados
62%
Equatorial Guinea
62%
Eritrea
62%
Eswatini
62%
Senegal
62%
Djibouti
60%
Grenada
60%
Norway
60%
São Tomé and Príncipe
57%
Comoros
55%
Italy
55%
Yemen
55%
Benin
53%
El Salvador
53%
Guinea
51%
Iceland
51%
Cape Verde
49%
Australia
47%
Liberia
45%
Netherlands
45%
Sierra Leone
45%
Guinea-Bissau
40%
No matching quizzes found
Score Distribution
Percent of People with Each Score
Percentile by Number Answered
Your Score History
You have not taken this quiz